[Event "SCO-ch 122nd"]
[Site "Edinburgh"]
[Date "2015.07.17"]
[Round "7"]
[White "Sreeves, Clement"]
[Black "Gilfillan, Andrew"]
[Result "1-0"]
[WhiteElo "2333"]
[BlackElo "1953"]
[PlyCount "121"]
[EventDate "2015.07.11"]
[EventType "swiss"]
[EventRounds "9"]
[EventCountry "SCO"]
[SourceTitle "CBM 167 Extra"]
[Source "ChessBase"]
[SourceDate "2015.09.14"]
[SourceVersion "1"]
[SourceVersionDate "2015.09.14"]
[SourceQuality "1"]

1. e4 c5 2. Nf3 Nc6 3. Nc3 g6 4. d4 Bg7 5. Be3 cxd4 6. Nxd4 Nf6 7. Bc4 0-0 8. Bb3 Qa5 9. f3 d5 10. exd5 Nb4 11. Qd2 Rd8 12. 0-0-0 e6 13. a3 Nbxd5 14. Nxd5 Qxd2+ 15. Rxd2 Nxd5 16. Ne2 b5 17. Nf4 Bb7 18. Rhd1 Re8 19. Nxd5 exd5 20. Bf4 d4 21. Kb1 Rac8 22. Bg3 a5 23. a4 Bc6 24. Bf2 bxa4 25. Ba2 Bh6 26. Rxd4 a3 27. Rd6 Ba4 28. b3 Bb5 29. c4 Bc6 30. Re1 Bg7 31. Rxe8+ Bxe8 32. Bb6 Bc3 33. Rd3 Bb4 34. Ka1 Rc6 35. Be3 Re6 36. Bb1 f6 37. Bc2 g5 38. Bd2 Re2 39. Bxb4 axb4 40. Rd8 Rxc2 41. Rxe8+ Kf7 42. Rb8 Rc1+ 43. Ka2 Rc2+ 44. Ka1 Rxg2 45. h3 Rg3 46. Rxb4 Rxf3 47. Rb7+ Ke6 48. b4 Rc3 49. Rc7 Kd6 50. Rc8 Rxh3 51. b5 Kd7 52. Rc6 f5 53. c5 Rb3 54. Rd6+ Ke7 55. b6 f4 56. Rh6 f3 57. Rxh7+ Kd8 58. Rg7 f2 59. Rf7 Rb2 60. b7 g4 61. c6 1-0

[Event "SCO-ch 122nd"]
[Site "Edinburgh"]
[Date "2015.07.14"]
[Round "4"]
[White "McNab, Colin Anderson"]
[Black "Sreeves, Clement"]
[Result "1-0"]
[WhiteElo "2443"]
[BlackElo "2333"]
[PlyCount "141"]
[EventDate "2015.07.11"]
[EventType "swiss"]
[EventRounds "9"]
[EventCountry "SCO"]
[SourceTitle "CBM 167 Extra"]
[Source "ChessBase"]
[SourceDate "2015.09.14"]
[SourceVersion "1"]
[SourceVersionDate "2015.09.14"]
[SourceQuality "1"]

1. c4 g6 2. g3 Bg7 3. Bg2 c5 4. Nc3 Nc6 5. d3 e6 6. Nh3 Nge7 7. Nf4 0-0 8. 0-0 b6 9. a3 Bb7 10. Bd2 d6 11. b4 Qd7 12. Rb1 Nd4 13. e3 Bxg2 14. Kxg2 Qb7+ 15. f3 Ndc6 16. Qe2 Rfd8 17. b5 Nb8 18. e4 Nd7 19. a4 a5 20. Nd1 Nf6 21. Bc3 d5 22. Re1 dxc4 23. dxc4 Rd7 24. Nd3 Rad8 25. Ne5 Rc7 26. Nf2 Ne8 27. Rbd1 Rxd1 28. Rxd1 f6 29. Neg4 Rd7 30. e5 fxe5 31. Bxe5 Rxd1 32. Qxd1 Bxe5 33. Nxe5 Qc7 34. Qe2 Nf5 35. Qe4 Nf6 36. Qa8+ Kg7 37. f4 Nd4 38. h4 Nf5 39. Qc6 Qxc6+ 40. bxc6 Ne8 41. Ne4 Nc7 42. g4 Nxh4+ 43. Kg3 g5 44. Nxg5 Ng6 45. Nd7 Ne7 46. Nxb6 Nxc6 47. Nd7 h6 48. Ne4 Na6 49. Ndxc5 Nxc5 50. Nxc5 Kf6 51. Nd7+ Ke7 52. Ne5 Nd4 53. Kf2 Kd6 54. Nd3 Nc2 55. g5 hxg5 56. fxg5 Nd4 57. Ke3 Nf5+ 58. Kf4 Nd4 59. g6 Nf5 60. Kg5 Ne7 61. Kf6 Ng8+ 62. Kg5 e5 63. c5+ Kd5 64. c6 Kxc6 65. Nxe5+ Kc5 66. Ng4 Kb4 67. Nh6 Ne7 68. g7 Kxa4 69. Kf6 Ng8+ 70. Nxg8 Kb4 71. Ne7 1-0

[Event "Groningen op 52nd"]
[Site "Groningen"]
[Date "2014.12.27"]
[Round "6"]
[White "Sreeves, Clement"]
[Black "Dehn, Marcus"]
[Result "1-0"]
[WhiteElo "2284"]
[BlackElo "2169"]
[PlyCount "81"]
[EventDate "2014.12.21"]
[EventType "swiss"]
[EventRounds "9"]
[EventCountry "NED"]
[SourceTitle "CBM 164 Extra"]
[Source "ChessBase"]
[SourceDate "2015.03.02"]
[SourceVersion "1"]
[SourceVersionDate "2015.03.02"]
[SourceQuality "1"]

1. e4 e6 2. d4 d5 3. Nc3 dxe4 4. Nxe4 Bd7 5. Nf3 Bc6 6. Bd3 Nf6 7. Ned2 Nbd7 8. 0-0 Be7 9. Nc4 Be4 10. Bxe4 Nxe4 11. Re1 Nef6 12. Bf4 Nh5 13. Be3 c6 14. a4 0-0 15. a5 a6 16. Nfd2 Nhf6 17. Bf4 Nd5 18. Bg3 N7f6 19. c3 Qc8 20. Nd6 Bxd6 21. Bxd6 Rd8 22. Nc4 Ne8 23. Bc5 Qc7 24. Ne5 Rdc8 25. Qf3 Nef6 26. Ra3 Re8 27. g4 h6 28. h4 h5 29. gxh5 Ne7 30. h6 Nf5 31. hxg7 Kxg7 32. Kh1 Nxh4 33. Rg1+ Ng6 34. Kg2 Rh8 35. Kf1 Rh6 36. c4 Rah8 37. b4 Rh4 38. Re3 Qd8 39. Nxg6 fxg6 40. Rxe6 Rxd4 41. Re7+ 1-0

[Event "Groningen op 52nd"]
[Site "Groningen"]
[Date "2014.12.23"]
[Round "3"]
[White "Keetman, Maaike"]
[Black "Sreeves, Clement"]
[Result "0-1"]
[WhiteElo "2074"]
[BlackElo "2284"]
[PlyCount "102"]
[EventDate "2014.12.21"]
[EventType "swiss"]
[EventRounds "9"]
[EventCountry "NED"]
[SourceTitle "CBM 164 Extra"]
[Source "ChessBase"]
[SourceDate "2015.03.02"]
[SourceVersion "1"]
[SourceVersionDate "2015.03.02"]
[SourceQuality "1"]

1. e4 e5 2. Nf3 Nc6 3. d4 exd4 4. Nxd4 Nf6 5. Nc3 Bb4 6. Nxc6 bxc6 7. Bd3 d5 8. exd5 0-0 9. 0-0 cxd5 10. Bg5 c6 11. Na4 h6 12. Bh4 Rb8 13. c3 Bd6 14. Bc2 Re8 15. Kh1 Ba6 16. Re1 Rxe1+ 17. Qxe1 Qe8 18. f3 Bb5 19. Qf2 g5 20. Bg3 Bxg3 21. Qxg3 Bxa4 22. Bxa4 Rxb2 23. h4 Qb8 24. Qxb8+ Rxb8 25. hxg5 hxg5 26. Bxc6 Rc8 27. Bb7 Rxc3 28. Rd1 Rc5 29. Kg1 Kf8 30. Rd2 Ke7 31. Kf2 Kd6 32. Ke3 Rc3+ 33. Kd4 Rc4+ 34. Ke3 Ke5 35. Ba6 Ra4 36. Bb5 Ra5 37. Rb2 Ra3+ 38. Kf2 Kd4 39. Rd2+ Kc3 40. Ke2 Kb4 41. Rb2+ Kc5 42. Bd3 Nh5 43. Rc2+ Kd4 44. Bb5 Nf4+ 45. Kf2 Nd3+ 46. Ke2 Nb4 47. Rd2+ Kc5 48. Be8 f6 49. Bf7 Rxa2 50. Rxa2 Nxa2 51. Kd3 a5 0-1